[Event "XII. DBMM Schach"]
[Site "Berlin"]
[Date "2012.10.12"]
[Round "4.3"]
[White "Schastok, Erwin"]
[Black "Heer, Stephan"]
[Result "0-1"]
[WhiteElo "1667"]
[BlackElo "2054"]
[Annotator "rs"]
[PlyCount "74"]
[EventDate "2012.??.??"]
[Source "FV Schach e.V."]
[SourceDate "2012.10.14"]
[WhiteTeam "RBB Berlin"]
[BlackTeam "Europ. Patentamt MUC"]
[WhiteTeamCountry "GER"]
[BlackTeamCountry "GER"]

1. e4 c6 2. c3 g6 3. Nf3 Bg7 4. Bc4 d5 5. exd5 cxd5 6. Bb5+ Bd7 7. Ba4 b5 8.
Bb3 Nf6 9. d4 O-O 10. Ne5 Nc6 11. f4 Rc8 12. O-O e6 13. Be3 Ne4 14. Nxd7 Qxd7
15. Nd2 Nd6 16. Nf3 Nf5 17. Bf2 a5 18. Ne5 Qc7 19. g4 Nd6 20. Bc2 b4 21. Ba4
Nxe5 22. fxe5 Ne4 23. cxb4 axb4 24. Be3 Qe7 25. Qf3 Qa7 26. Bb3 f6 27. Rac1
Rxc1 28. Rxc1 fxe5 29. dxe5 Qb8 30. Qe2 Qxe5 31. Re1 Qxb2 32. Qa6 Qe5 33. Qb6
Ng5 34. Bd1 Qe4 35. Bf2 Nh3+ 36. Kf1 Rxf2+ 37. Qxf2 Nxf2 0-1

[Event "XII. DBMM Schach"]
[Site "Berlin"]
[Date "2012.10.12"]
[Round "4.4"]
[White "Jachs, Walter"]
[Black "Kersten, Martin"]
[Result "1-0"]
[WhiteElo "2066"]
[BlackElo "1760"]
[Annotator "rs"]
[PlyCount "61"]
[EventDate "2012.??.??"]
[Source "FV Schach e.V."]
[SourceDate "2012.10.14"]
[WhiteTeam "Europ. Patentamt MUC"]
[BlackTeam "RBB Berlin"]
[WhiteTeamCountry "GER"]
[BlackTeamCountry "GER"]

1. e4 e5 2. f4 exf4 3. Nf3 d5 4. exd5 Nf6 5. Bc4 Bd6 6. Qe2+ Qe7 7. Qxe7+ Kxe7
8. d4 Nbd7 9. Nc3 Nb6 10. Bb3 Re8 11. O-O a5 12. a4 Kf8 13. Nb5 Nbxd5 14. c4
Ne3 15. c5 Bd7 16. cxd6 Bxb5 17. axb5 Nxf1 18. Kxf1 cxd6 19. Bxf4 d5 20. h3 h6
21. Be5 b6 22. Bxf6 gxf6 23. Bxd5 Rac8 24. Bc6 Re3 25. Re1 Rxe1+ 26. Kxe1 Ke7
27. Nd2 Kd6 28. Nc4+ Kc7 29. d5 Rb8 30. d6+ Kd8 31. Kf2 1-0

[Event "XII. DBMM Schach"]
[Site "Berlin"]
[Date "2012.10.12"]
[Round "4.1"]
[White "Blum, Norbert"]
[Black "Hohlfeld, Wolfgang"]
[Result "1/2-1/2"]
[WhiteElo "2016"]
[BlackElo "2134"]
[Annotator "rs"]
[PlyCount "38"]
[EventDate "2012.??.??"]
[Source "FV Schach e.V."]
[SourceDate "2012.10.14"]
[WhiteTeam "Sparkassenvers. Stuttgart"]
[BlackTeam "Baubehoerde Hamburg"]
[WhiteTeamCountry "GER"]
[BlackTeamCountry "GER"]

1. e4 c5 2. c3 d5 3. exd5 Qxd5 4. d4 Nf6 5. Nf3 Bg4 6. Be2 e6 7. O-O Nc6 8. h3
Bh5 9. Be3 cxd4 10. cxd4 Be7 11. Nc3 Qd6 12. Qa4 O-O 13. Rfd1 Nb4 14. Rac1 a6
15. Ne5 Bxe2 16. Nxe2 Nbd5 17. a3 Rac8 18. Qb3 Qb6 19. Qa2 h6 1/2-1/2

[Event "XII. DBMM Schach"]
[Site "Berlin"]
[Date "2012.10.12"]
[Round "4.2"]
[White "Hedden, Helge"]
[Black "Marten, Gero"]
[Result "1/2-1/2"]
[WhiteElo "2073"]
[BlackElo "2032"]
[Annotator "rs"]
[PlyCount "110"]
[EventDate "2012.??.??"]
[Source "FV Schach e.V."]
[SourceDate "2012.10.14"]
[WhiteTeam "Baubehoerde Hamburg"]
[BlackTeam "Sparkassenvers. Stuttgart"]
[WhiteTeamCountry "GER"]
[BlackTeamCountry "GER"]

1. c4 c5 2. b3 Nf6 3. Bb2 g6 4. g4 Bg7 5. g5 Nh5 6. Bxg7 Nxg7 7. d4 cxd4 8.
Qxd4 O-O 9. Bg2 Nc6 10. Bxc6 bxc6 11. Nc3 Qa5 12. h4 d5 13. cxd5 cxd5 14. b4
Nf5 15. bxa5 Nxd4 16. O-O-O Nc6 17. Nxd5 Be6 18. e4 Rfc8 19. Kd2 Bxd5 20. exd5
Rd8 21. Ke2 Nb4 22. d6 Rxd6 23. Rxd6 exd6 24. a3 Nc6 25. Nh3 Re8+ 26. Kf3 Nd4+
27. Kg2 Re4 28. Rb1 Rg4+ 29. Kf1 Rxh4 30. Ng1 Nc6 31. Rc1 Nxa5 32. Rc7 Ra4 33.
Rxa7 Rxa3 34. Ne2 Nc4 35. Rc7 Nd2+ 36. Kg2 Ne4 37. f4 Re3 38. Nd4 Rd3 39. Rc4
Rg3+ 40. Kh2 Rc3 41. Ra4 d5 42. Ra8+ Kg7 43. Ra7 Nc5 44. Rc7 Rc4 45. f5 gxf5
46. Nxf5+ Kg6 47. Ne7+ Kxg5 48. Nxd5 Kg6 49. Rc6+ Kg7 50. Ne3 Rh4+ 51. Kg3 Rh5
52. Kg4 Re5 53. Nf5+ Rxf5 54. Kxf5 Ne6 55. Rd6 Nf8 1/2-1/2

[Event "XII. DBMM Schach"]
[Site "Berlin"]
[Date "2012.10.12"]
[Round "4.3"]
[White "Bischoff, Ulrich"]
[Black "Hein, Ralf"]
[Result "0-1"]
[WhiteElo "2107"]
[BlackElo "2194"]
[Annotator "rs"]
[PlyCount "58"]
[EventDate "2012.??.??"]
[Source "FV Schach e.V."]
[SourceDate "2012.10.14"]
[WhiteTeam "Sparkassenvers. Stuttgart"]
[BlackTeam "Baubehoerde Hamburg"]
[WhiteTeamCountry "GER"]
[BlackTeamCountry "GER"]

1. e4 c5 2. Nf3 Nc6 3. d4 cxd4 4. Nxd4 d6 5. Nc3 g6 6. Be3 Bg7 7. Bc4 Nf6 8. f3
Bd7 9. Bb3 Na5 10. Qd2 Nxb3 11. axb3 h5 12. O-O a6 13. b4 h4 14. Kh1 Nh5 15. f4
Ng3+ 16. hxg3 hxg3+ 17. Kg1 Bxd4 18. Bxd4 e5 19. Rfd1 Qh4 20. Kf1 exd4 21. Qxd4
Qxf4+ 22. Ke2 Rh2 23. Rg1 Rc8 24. Rac1 Be6 25. b3 Rxg2+ 26. Rxg2 Qxc1 27. Kf3
Qf1+ 28. Kxg3 Qe1+ 29. Kf3 Qxc3+ 0-1

[Event "XII. DBMM Schach"]
[Site "Berlin"]
[Date "2012.10.12"]
[Round "4.4"]
[White "Albrecht, Norbert"]
[Black "Lau, Peter"]
[Result "1/2-1/2"]
[WhiteElo "1856"]
[BlackElo "1785"]
[Annotator "rs"]
[PlyCount "65"]
[EventDate "2012.??.??"]
[Source "FV Schach e.V."]
[SourceDate "2012.10.14"]
[WhiteTeam "Baubehoerde Hamburg"]
[BlackTeam "Sparkassenvers. Stuttgart"]
[WhiteTeamCountry "GER"]
[BlackTeamCountry "GER"]

1. e4 e6 2. d4 d5 3. Nc3 Bb4 4. e5 c5 5. a3 Bxc3+ 6. bxc3 Nc6 7. Nf3 Nge7 8. a4
Qa5 9. Bd2 Qc7 10. Bd3 c4 11. Be2 O-O 12. Nh4 Nf5 13. Nxf5 exf5 14. Bf3 Be6 15.
g3 Ne7 16. h4 Rab8 17. Bg5 h6 18. Bc1 b5 19. Ba3 Rb7 20. Bd6 Qd7 21. a5 Rc8 22.
O-O Rc6 23. Qd2 a6 24. Bb4 Kh7 25. h5 Rb8 26. Be2 Rg8 27. Qf4 g5 28. Qd2 f4 29.
Bxe7 Qxe7 30. g4 Qd7 31. Qd1 Kg7 32. Bf3 Rd8 33. Be2 1/2-1/2

[Event "XII. DBMM Schach"]
[Site "Berlin"]
[Date "2012.10.12"]
[Round "4.1"]
[White "Gempe, Thomas"]
[Black "Sarre, Sascha"]
[Result "1/2-1/2"]
[WhiteElo "2270"]
[BlackElo "1839"]
[Annotator "rs"]
[PlyCount "62"]
[EventDate "2012.??.??"]
[Source "FV Schach e.V."]
[SourceDate "2012.10.14"]
[WhiteTeam "ADAC Muenchen"]
[BlackTeam "BA Berlin Tempelhof II"]
[WhiteTeamCountry "GER"]
[BlackTeamCountry "GER"]

1. Nf3 c5 2. c4 Nc6 3. d4 cxd4 4. Nxd4 Nf6 5. Nc3 d6 6. g3 Bd7 7. Bg2 g6 8. O-O
Bg7 9. Nc2 O-O 10. b3 a6 11. Bb2 Rc8 12. Nd5 Nxd5 13. Bxg7 Kxg7 14. cxd5 Ne5
15. h3 Qb6 16. Kh2 f6 17. Nd4 Rc7 18. Qd2 Rfc8 19. Rad1 Qc5 20. f4 Nf7 21. Qe3
Kf8 22. g4 Qc3 23. Rd3 Qb2 24. Ne6+ Bxe6 25. dxe6 Nd8 26. f5 Kg7 27. g5 Rc5 28.
gxf6+ Qxf6 29. Bd5 gxf5 30. Rg1+ Kh8 31. Qg5 Qxg5 1/2-1/2

[Event "XII. DBMM Schach"]
[Site "Berlin"]
[Date "2012.10.12"]
[Round "4.2"]
[White "Thomas, Andreas"]
[Black "Budai, Zoltan"]
[Result "0-1"]
[WhiteElo "1789"]
[BlackElo "2021"]
[Annotator "rs"]
[PlyCount "100"]
[EventDate "2012.??.??"]
[Source "FV Schach e.V."]
[SourceDate "2012.10.14"]
[WhiteTeam "BA Berlin Tempelhof II"]
[BlackTeam "ADAC Muenchen"]
[WhiteTeamCountry "GER"]
[BlackTeamCountry "GER"]

1. e4 c5 2. Nf3 Nc6 3. d4 cxd4 4. Nxd4 Nf6 5. Nc3 e5 6. Nb3 Bb4 7. Bd3 d5 8.
exd5 Nxd5 9. Bd2 Bxc3 10. bxc3 O-O 11. O-O f5 12. Re1 Qd6 13. c4 Nf6 14. Be3
Rd8 15. f3 Be6 16. Qc1 Nd7 17. Rd1 Qf8 18. c3 Rac8 19. Qc2 g6 20. f4 e4 21. Be2
Qf7 22. c5 Bc4 23. Rd6 Ndb8 24. Rad1 Rxd6 25. Rxd6 Bxe2 26. Qxe2 Rd8 27. Qd2
Rxd6 28. Qxd6 Qd7 29. Kf2 Kf7 30. Nd2 Qxd6 31. cxd6 Ke6 32. Bc5 Nd7 33. Ba3 b6
34. Nb3 Kd5 35. Ke3 Nd8 36. Nd4 a6 37. h3 b5 38. g4 Nb6 39. Bc1 Nc4+ 40. Ke2
Nxd6 41. Ba3 Nc4 42. Be7 Ne6 43. gxf5 Nxd4+ 44. cxd4 gxf5 45. Bf6 b4 46. Bg7 a5
47. Kd1 a4 48. Bf6 Nb2+ 49. Kc2 Nd3 50. Be5 Ne1+ 0-1

[Event "XII. DBMM Schach"]
[Site "Berlin"]
[Date "2012.10.12"]
[Round "4.3"]
[White "Baudrexel, Peter"]
[Black "Kreuchauf, Olaf"]
[Result "1-0"]
[WhiteElo "1863"]
[BlackElo "1630"]
[Annotator "rs"]
[PlyCount "109"]
[EventDate "2012.??.??"]
[Source "FV Schach e.V."]
[SourceDate "2012.10.14"]
[WhiteTeam "ADAC Muenchen"]
[BlackTeam "BA Berlin Tempelhof II"]
[WhiteTeamCountry "GER"]
[BlackTeamCountry "GER"]

1. f4 g6 2. Nf3 c5 3. g3 Bg7 4. Bg2 Nc6 5. O-O e6 6. e4 d6 7. d3 Nge7 8. c3 O-O
9. Be3 Rb8 10. a4 a6 11. Na3 b5 12. axb5 axb5 13. d4 b4 14. Nc4 bxc3 15. bxc3
d5 16. Nce5 dxe4 17. Nxc6 Nxc6 18. Ne5 Ne7 19. Qc1 cxd4 20. cxd4 Bb7 21. Rd1
Rc8 22. Qb1 Nf5 23. Bf2 e3 24. Bxb7 exf2+ 25. Kxf2 Rb8 26. Nc6 Qc7 27. Nxb8
Rxb8 28. Ra8 Bxd4+ 29. Kf3 Kg7 30. Rxb8 Qxb8 31. Be4 Qa7 32. Qb4 Bg1 33. Qb2+
Kh6 34. Bxf5 exf5 35. Kg2 Bb6 36. Qe2 Qa8+ 37. Kh3 Qb7 38. Qd3 Qe4 39. Qxe4
fxe4 40. g4 Bf2 41. Rd5 f6 42. Rd7 g5 43. f5 Bc5 44. Kg2 Ba3 45. Kf2 Bc1 46. h3
Bf4 47. Ke2 Bc1 48. Re7 e3 49. Kd3 Bd2 50. Kd4 Be1 51. Kd5 Bb4 52. Rxe3 Be7 53.
Ke6 Bd8 54. Kf7 Be7 55. Kxe7 1-0

[Event "XII. DBMM Schach"]
[Site "Berlin"]
[Date "2012.10.12"]
[Round "4.4"]
[White "Fischer, Anke"]
[Black "Gempe, Anet"]
[Result "1/2-1/2"]
[WhiteElo "1710"]
[BlackElo "2012"]
[Annotator "rs"]
[PlyCount "75"]
[EventDate "2012.??.??"]
[Source "FV Schach e.V."]
[SourceDate "2012.10.14"]
[WhiteTeam "BA Berlin Tempelhof II"]
[BlackTeam "ADAC Muenchen"]
[WhiteTeamCountry "GER"]
[BlackTeamCountry "GER"]

1. e4 e6 2. d4 d5 3. Nd2 Nf6 4. e5 Nfd7 5. f4 c5 6. c3 Nc6 7. Ngf3 Qb6 8. Nb3
a6 9. Qc2 c4 10. Nbd2 f5 11. Ng5 Ne7 12. Be2 h6 13. Ngf3 Ng6 14. Nf1 Be7 15. g4
Nh4 16. Nxh4 Bxh4+ 17. Ng3 Nf8 18. O-O g6 19. gxf5 exf5 20. Bf3 Be6 21. Be3 Qc7
22. Rfc1 Nd7 23. b3 b5 24. a4 Kf7 25. Ra2 Rhc8 26. Bd2 Nb6 27. a5 Nd7 28. bxc4
Qxc4 29. Nf1 Qc6 30. Ne3 Rd8 31. Qb3 Nf8 32. Rac2 Rdc8 33. Qa2 Qd7 34. Rb2 Nh7
35. Rcc2 Rc7 36. Rc1 Kg7 37. Rf1 Kh8 38. Kh1 1/2-1/2

[Event "XII. DBMM Schach"]
[Site "Berlin"]
[Date "2012.10.12"]
[Round "4.1"]
[White "Lutterbey, Ralf"]
[Black "Hahlbohm, Matthias"]
[Result "1/2-1/2"]
[WhiteElo "1862"]
[BlackElo "2002"]
[Annotator "rs"]
[PlyCount "96"]
[EventDate "2012.??.??"]
[Source "FV Schach e.V."]
[SourceDate "2012.10.14"]
[WhiteTeam "Commerzbank Frankfurt AGI "]
[BlackTeam "SV Senat Berlin III"]
[WhiteTeamCountry "GER"]
[BlackTeamCountry "GER"]

1. e4 c5 2. Nf3 d6 3. d4 cxd4 4. Nxd4 Nf6 5. Nc3 a6 6. a4 e5 7. Nb3 Be6 8. f3
Be7 9. Be3 d5 10. exd5 Nxd5 11. Nxd5 Bxd5 12. c4 Bc6 13. Qxd8+ Bxd8 14. Bd3 O-O
15. O-O Nd7 16. Rfd1 Bc7 17. a5 f5 18. Nc5 Nxc5 19. Bxc5 Rf7 20. b4 e4 21. fxe4
Bxe4 22. Bb6 Bxb6+ 23. axb6 Bxd3 24. Rxd3 Rc8 25. c5 Re7 26. Rad1 Kf7 27. Rd7
Rc6 28. R1d5 g6 29. Kf2 Rce6 30. Rd4 Kf6 31. h4 h6 32. R4d6 Kf7 33. Rxe7+ Rxe7
34. h5 gxh5 35. Rxh6 Kg7 36. Rxh5 Re4 37. Rxf5 Rxb4 38. Rd5 Rc4 39. Rd7+ Kf6
40. Rxb7 Rxc5 41. Ra7 a5 42. Ke3 Rb5 43. Ra6 Ke7 44. g4 Kd7 45. Ra8 Kc6 46. Rb8
a4 47. Ra8 Rb4 48. g5 Rg4 1/2-1/2

[Event "XII. DBMM Schach"]
[Site "Berlin"]
[Date "2012.10.12"]
[Round "4.2"]
[White "Witte, Manfred"]
[Black "Brauer, Frank"]
[Result "1-0"]
[WhiteElo "1927"]
[BlackElo "1881"]
[Annotator "rs"]
[PlyCount "85"]
[EventDate "2012.??.??"]
[Source "FV Schach e.V."]
[SourceDate "2012.10.14"]
[WhiteTeam "SV Senat Berlin III"]
[BlackTeam "Commerzbank Frankfurt AGI "]
[WhiteTeamCountry "GER"]
[BlackTeamCountry "GER"]

1. e4 e5 2. Nf3 Nc6 3. Nc3 Nf6 4. d4 exd4 5. Nd5 d6 6. Nxd4 Bd7 7. Bc4 Be7 8.
O-O O-O 9. Nc3 Ne5 10. Be2 Bg4 11. f3 Bd7 12. f4 Ng6 13. Be3 c6 14. a4 Re8 15.
h3 Qc8 16. Kh2 Qc7 17. Qd2 Rad8 18. Bc4 Bf8 19. Qd3 Be6 20. Nxe6 fxe6 21. Ba2
Kh8 22. Rad1 a6 23. Kh1 d5 24. e5 Ng8 25. Ne2 N6e7 26. c3 Nf5 27. Bg1 c5 28. g4
Nfh6 29. Bb1 g6 30. Bh2 Ne7 31. Bc2 Bg7 32. b4 c4 33. Qg3 Qc6 34. Nd4 Qd7 35.
Bg1 Rf8 36. Rd2 Nc6 37. Nxc6 Qxc6 38. Bd4 Qc7 39. h4 Rf7 40. Rh2 Kg8 41. Rff2
Rdd7 42. h5 gxh5 43. Rxh5 1-0

[Event "XII. DBMM Schach"]
[Site "Berlin"]
[Date "2012.10.12"]
[Round "4.2"]
[White "Bumes, Konrad"]
[Black "Major, Vitalij"]
[Result "0-1"]
[WhiteElo "1911"]
[BlackElo "2076"]
[Annotator "rs"]
[PlyCount "106"]
[EventDate "2012.??.??"]
[Source "FV Schach e.V."]
[SourceDate "2012.10.14"]
[WhiteTeam "Europ. Patentamt MUC II"]
[BlackTeam "SV Senat Berlin II"]
[WhiteTeamCountry "GER"]
[BlackTeamCountry "GER"]

1. d4 Nf6 2. g3 e6 3. Bg2 c5 4. c3 d5 5. Nf3 Nbd7 6. O-O Bd6 7. Re1 b6 8. Bf4
Qc7 9. Bxd6 Qxd6 10. Na3 O-O 11. Nc2 Bb7 12. Nd2 cxd4 13. cxd4 Rac8 14. Rc1
Rfd8 15. a3 h6 16. f3 e5 17. e3 e4 18. fxe4 dxe4 19. Qe2 Qe6 20. Na1 Nf8 21.
Ndb3 Bd5 22. Nd2 a5 23. Qf1 h5 24. Rxc8 Rxc8 25. Bh3 Ng4 26. Qe2 Nh7 27. Qb5
Nhf6 28. a4 h4 29. gxh4 Qf5 30. Qe2 Qh5 31. Bxg4 Nxg4 32. h3 Nf6 33. Qxh5 Nxh5
34. Kg2 Rc6 35. Kh2 g6 36. Rf1 Ng7 37. Re1 Nf5 38. h5 gxh5 39. Rg1+ Kh7 40. Rg5
Nxe3 41. Rxh5+ Kg6 42. Re5 f6 43. Re7 Rc1 44. Nxe4 Rxa1 45. Ng3 Nf5 46. Nxf5
Kxf5 47. Rd7 Be4 48. Rd6 Rxa4 49. Rxb6 Rxd4 50. h4 Rb4 51. Ra6 Rxb2+ 52. Kg1
Rg2+ 53. Kf1 Bd3+ 0-1

[Event "XII. DBMM Schach"]
[Site "Berlin"]
[Date "2012.10.12"]
[Round "4.3"]
[White "Guenther, Thomas"]
[Black "Santos, Paulo"]
[Result "1/2-1/2"]
[WhiteElo "1961"]
[BlackElo "1866"]
[Annotator "rs"]
[PlyCount "102"]
[EventDate "2012.??.??"]
[Source "FV Schach e.V."]
[SourceDate "2012.10.14"]
[WhiteTeam "SV Senat Berlin II"]
[BlackTeam "Europ. Patentamt MUC II"]
[WhiteTeamCountry "GER"]
[BlackTeamCountry "GER"]

1. d4 Nf6 2. Nf3 g6 3. c4 Bg7 4. Nc3 d5 5. cxd5 Nxd5 6. e4 Nxc3 7. bxc3 O-O 8.
Be2 c5 9. O-O Nc6 10. Rb1 cxd4 11. cxd4 Nxd4 12. Nxd4 Bxd4 13. Ba3 Bg7 14. Qc2
Qa5 15. Bxe7 Re8 16. Bb4 Qe5 17. Bd3 Be6 18. a4 Rac8 19. Qe2 f5 20. Rfe1 fxe4
21. Qxe4 Qxe4 22. Bxe4 b6 23. Bb7 Rcd8 24. Rbc1 Bb3 25. Rxe8+ Rxe8 26. a5 bxa5
27. Bxa5 Bd4 28. Kf1 Re7 29. Ba6 Kf7 30. Bc4+ Bxc4+ 31. Rxc4 Bb6 32. Bxb6 axb6
33. Rc6 Rb7 34. Ke2 b5 35. Kd3 b4 36. Kc2 Re7 37. Kb3 Re2 38. Rc7+ Ke6 39. Rxh7
Rxf2 40. g3 Rd2 41. Kxb4 Rc2 42. Kb3 Rc8 43. g4 g5 44. h4 gxh4 45. Rxh4 Kf6 46.
Rh5 Rg8 47. Rf5+ Kg6 48. Kc4 Ra8 49. Rb5 Ra4+ 50. Rb4 Rxb4+ 51. Kxb4 Kg5
1/2-1/2

[Event "XII. DBMM Schach"]
[Site "Berlin"]
[Date "2012.10.12"]
[Round "4.4"]
[White "Tokic, Branko"]
[Black "Noak, Uwe"]
[Result "1-0"]
[WhiteElo "1681"]
[BlackElo "1741"]
[Annotator "rs"]
[PlyCount "97"]
[EventDate "2012.??.??"]
[Source "FV Schach e.V."]
[SourceDate "2012.10.14"]
[WhiteTeam "Europ. Patentamt MUC II"]
[BlackTeam "SV Senat Berlin II"]
[WhiteTeamCountry "GER"]
[BlackTeamCountry "GER"]

1. d4 d5 2. c4 c6 3. e3 Bf5 4. Nc3 Nf6 5. Qb3 Qb6 6. Qxb6 axb6 7. cxd5 cxd5 8.
Nf3 Nc6 9. Bb5 Bd7 10. O-O e6 11. Bd2 Bd6 12. Na4 Bc7 13. Rfc1 Ne4 14. Be1 Nd6
15. Nc3 f6 16. a3 Na5 17. Bxd7+ Kxd7 18. Rc2 Nb3 19. Rb1 b5 20. Nd2 Nxd2 21.
Bxd2 b4 22. axb4 Ra7 23. b3 b5 24. f3 f5 25. Ne2 Rha8 26. Rbc1 Bd8 27. Kf2 Ra2
28. Nf4 Rxc2 29. Rxc2 Bf6 30. Nd3 Ra7 31. Rc5 Ra3 32. Ne5+ Bxe5 33. dxe5 Ne8
34. Rxb5 Rxb3 35. Rb6 Nc7 36. Ke2 Rb2 37. h3 h6 38. g4 fxg4 39. fxg4 Rb1 40.
Kf3 Rb2 41. Bc3 Rc2 42. Bd4 Kc8 43. Bc5 g6 44. h4 h5 45. gxh5 gxh5 46. Bd6 Ne8
47. Rb8+ Kd7 48. Rb7+ Kc6 49. Re7 1-0

[Event "XII. DBMM Schach"]
[Site "Berlin"]
[Date "2012.10.12"]
[Round "4.1"]
[White "Gottschalk, Jens"]
[Black "Lipp, Hubert"]
[Result "1-0"]
[WhiteElo "2269"]
[BlackElo "2064"]
[Annotator "rs"]
[PlyCount "95"]
[EventDate "2012.??.??"]
[Source "FV Schach e.V."]
[SourceDate "2012.10.14"]
[WhiteTeam "R+V Vers. Wiesbaden"]
[BlackTeam "R+V Vers. Wiesbaden II"]
[WhiteTeamCountry "GER"]
[BlackTeamCountry "GER"]

1. d4 f5 2. g3 g6 3. Bg2 Nf6 4. Nh3 Bg7 5. c3 d5 6. Nd2 O-O 7. Nf3 c6 8. Nf4
Ne4 9. h4 Qd6 10. Nd3 h6 11. Bf4 Qe6 12. Qc1 Kh7 13. Be5 Nd7 14. Bxg7 Kxg7 15.
Qf4 b6 16. O-O-O a5 17. Bh3 Qd6 18. Nfe5 Ndf6 19. Rdg1 g5 20. hxg5 hxg5 21. Qe3
Nh7 22. Bg2 Rf6 23. Qf3 Be6 24. Qh5 Bg8 25. Rh3 g4 26. Rh2 Rc8 27. Rgh1 Neg5
28. f3 gxf3 29. exf3 Kf8 30. Nf4 c5 31. Nfg6+ Ke8 32. f4 Ne4 33. Bxe4 fxe4 34.
Nh8+ Kd8 35. Nhf7+ Bxf7 36. Nxf7+ Rxf7 37. Qxf7 Nf6 38. Rh8+ Kd7 39. Rxc8 Kxc8
40. Rh8+ Kd7 41. Qf8 Qc7 42. dxc5 bxc5 43. Qb8 d4 44. Qxc7+ Kxc7 45. Kd2 Nd5
46. Rh5 Kd6 47. Re5 e3+ 48. Kd3 1-0

[Event "XII. DBMM Schach"]
[Site "Berlin"]
[Date "2012.10.12"]
[Round "4.2"]
[White "Leidorf, Sebastian"]
[Black "Bach, Matthias"]
[Result "0-1"]
[WhiteElo "2051"]
[BlackElo "2263"]
[Annotator "rs"]
[PlyCount "78"]
[EventDate "2012.??.??"]
[Source "FV Schach e.V."]
[SourceDate "2012.10.14"]
[WhiteTeam "R+V Vers. Wiesbaden II"]
[BlackTeam "R+V Vers. Wiesbaden"]
[WhiteTeamCountry "GER"]
[BlackTeamCountry "GER"]

1. c4 c6 2. Nf3 d6 3. Nc3 e5 4. d4 Qc7 5. e4 Bg4 6. Be2 Nd7 7. Be3 Ne7 8. d5 g6
9. Qd2 c5 10. a3 a6 11. b4 h6 12. bxc5 Nxc5 13. Bxc5 Qxc5 14. Na4 Qc7 15. Rb1
Nc8 16. Qb4 Rb8 17. Nb6 Be7 18. O-O O-O 19. Rfc1 f5 20. h3 Bh5 21. Bd3 Bxf3 22.
gxf3 fxe4 23. Bxe4 Rf4 24. Kg2 Rh4 25. Rc2 Nxb6 26. Qxb6 Qd7 27. Rh1 Rc8 28. c5
Kh8 29. cxd6 Bd8 30. Rc7 Bxc7 31. dxc7 Qe7 32. d6 Qg5+ 33. Kf1 Qc1+ 34. Kg2
Qg5+ 35. Kf1 Qc1+ 36. Ke2 Rxe4+ 37. fxe4 Qxh1 38. d7 Qxe4+ 39. Kd2 Qd5+ 0-1

[Event "XII. DBMM Schach"]
[Site "Berlin"]
[Date "2012.10.12"]
[Round "4.3"]
[White "Werner, Gregor"]
[Black "Launert, Martin"]
[Result "1-0"]
[WhiteElo "2172"]
[BlackElo "1884"]
[Annotator "rs"]
[PlyCount "83"]
[EventDate "2012.??.??"]
[Source "FV Schach e.V."]
[SourceDate "2012.10.14"]
[WhiteTeam "R+V Vers. Wiesbaden"]
[BlackTeam "R+V Vers. Wiesbaden II"]
[WhiteTeamCountry "GER"]
[BlackTeamCountry "GER"]

1. e4 e5 2. Nf3 Nc6 3. Bb5 a6 4. Bxc6 dxc6 5. O-O Bd6 6. d4 f6 7. dxe5 fxe5 8.
Nxe5 Nf6 9. Nf3 Be7 10. Qxd8+ Bxd8 11. Nc3 O-O 12. Bg5 h6 13. Bh4 g5 14. Bg3
Nh5 15. Rad1 Bg4 16. Rd3 Nf4 17. Bxf4 Rxf4 18. Ne5 Be6 19. Rfd1 Rf8 20. Nd7 Re8
21. f3 Be7 22. e5 Kg7 23. Ne4 b6 24. Ndf6 Red8 25. Rxd8 Rxd8 26. Rxd8 Bxd8 27.
b3 Bf5 28. Kf2 Bxf6 29. exf6+ Kf7 30. Ke3 Bxe4 31. Kxe4 Kxf6 32. f4 gxf4 33.
Kxf4 c5 34. g4 b5 35. c4 c6 36. a4 Kg6 37. h4 Kf6 38. a5 Ke6 39. g5 hxg5+ 40.
hxg5 Ke7 41. Ke5 Kf7 42. Kd6 1-0

[Event "XII. DBMM Schach"]
[Site "Berlin"]
[Date "2012.10.12"]
[Round "4.4"]
[White "Finkhaeuser, Jens"]
[Black "Schmitt, Carsten"]
[Result "1/2-1/2"]
[WhiteElo "1706"]
[BlackElo "2001"]
[Annotator "rs"]
[PlyCount "31"]
[EventDate "2012.??.??"]
[Source "FV Schach e.V."]
[SourceDate "2012.10.14"]
[WhiteTeam "R+V Vers. Wiesbaden II"]
[BlackTeam "R+V Vers. Wiesbaden"]
[WhiteTeamCountry "GER"]
[BlackTeamCountry "GER"]

1. c4 e6 2. g3 d5 3. Bg2 Nf6 4. Nf3 c5 5. O-O Be7 6. d4 O-O 7. cxd5 exd5 8.
dxc5 Bxc5 9. Bg5 d4 10. Nbd2 h6 11. Bxf6 Qxf6 12. Ne4 Qb6 13. Nxc5 Qxc5 14.
Qxd4 Qb5 15. Qd2 Nc6 16. e3 1/2-1/2

[Event "XII. DBMM Schach"]
[Site "Berlin"]
[Date "2012.10.12"]
[Round "4.1"]
[White "Behrendt, Clemens"]
[Black "Gebert Vangeel, Ralf"]
[Result "1-0"]
[WhiteElo "2079"]
[BlackElo "1971"]
[Annotator "rs"]
[PlyCount "99"]
[EventDate "2012.??.??"]
[Source "FV Schach e.V."]
[SourceDate "2012.10.14"]
[WhiteTeam "W&W Wuestenrot&Württemb. Stuttg."]
[BlackTeam "SV OSRAM Berlin II"]
[WhiteTeamCountry "GER"]
[BlackTeamCountry "GER"]

1. Nf3 d5 2. g3 g6 3. Bg2 Bg7 4. d4 Nf6 5. O-O O-O 6. c4 c6 7. cxd5 cxd5 8. Nc3
Nc6 9. Ne5 Be6 10. Nxc6 bxc6 11. Bf4 Nh5 12. Be3 Rb8 13. Na4 Qa5 14. Rc1 Rfc8
15. Bd2 Qb5 16. Rc5 Qa6 17. Ra5 Qc4 18. Bc3 Qxa2 19. Nc5 Qc4 20. Rxa7 Bf5 21.
Ra4 Qb5 22. Rb4 Qxb4 23. Bxb4 Rxb4 24. e3 Nf6 25. Qa1 Ne8 26. Qa3 Rbb8 27. Qc3
Nd6 28. Ra1 Nb5 29. Qd2 e5 30. dxe5 Bxe5 31. Ra4 Nd6 32. b3 Rb5 33. Ra5 Rbb8
34. Bf1 Ne4 35. Nxe4 Bxe4 36. Bd3 Bf3 37. Bc2 Rb6 38. e4 Bc7 39. Ra7 Bb8 40.
Ra8 Bg4 41. Qd4 c5 42. Qxd5 Be6 43. Qd3 c4 44. bxc4 Bxc4 45. Qd4 Rbc6 46. Ba4
R6c7 47. Qb6 Be2 48. Rxb8 Rc1+ 49. Kg2 Bf1+ 50. Kf3 1-0

[Event "XII. DBMM Schach"]
[Site "Berlin"]
[Date "2012.10.12"]
[Round "4.2"]
[White "Eisermann, Daniel"]
[Black "Uhlarz, Joerg"]
[Result "1-0"]
[WhiteElo "1924"]
[BlackElo "1780"]
[Annotator "rs"]
[PlyCount "71"]
[EventDate "2012.??.??"]
[Source "FV Schach e.V."]
[SourceDate "2012.10.14"]
[WhiteTeam "SV OSRAM Berlin II"]
[BlackTeam "W&W Wuestenrot&Württemb. Stuttg."]
[WhiteTeamCountry "GER"]
[BlackTeamCountry "GER"]

1. e4 e5 2. Nf3 Nc6 3. Nc3 Nf6 4. Bb5 d6 5. d4 exd4 6. Nxd4 Bd7 7. O-O Be7 8.
h3 O-O 9. Nxc6 bxc6 10. Bd3 Rb8 11. f4 Ne8 12. Qe2 Bc8 13. Kh1 Bb7 14. Be3 c5
15. Rae1 Nf6 16. Bc1 Nd7 17. e5 dxe5 18. fxe5 Bh4 19. Rd1 Qc8 20. Qh5 g6 21.
Qxh4 Nxe5 22. Ne4 h5 23. Nf6+ Kg7 24. Qg3 Nxd3 25. Rxd3 Rh8 26. Qe5 Bxg2+ 27.
Kxg2 Qb7+ 28. Nd5+ Kg8 29. Rxf7 Rh7 30. Rxh7 Kxh7 31. Qe7+ Kg8 32. Qe6+ Kh7 33.
Qf7+ Kh8 34. Bg5 Qxb2 35. Bf6+ Qxf6 36. Nxf6 1-0